000 00822nam a2200289Ia 4500
008 181129s9999 xx 000 0 und d
020 _a9789715697040
050 _bT693 2010
100 _aTorres, Kitkat R.
245 4 _aThe general /
245 0 _cby Kitkat R. Torres ; illustrated by Jomike Tejido.
260 _aMakati, Philippines :
260 _bBookmark,
260 _c2010
300 _aunpaged :
300 _bcolor illustrations ;
300 _c25cm.
440 _aModern heroes for the Filipino youth.
650 _aGenerals --
650 _aLim, Vicente, 1888-1944.
650 _aPhilippine literature for kids.
650 _aPhilippines, Army -- Officers -- Biography.
650 _xPhilippines -- Biography.
700 _aSeries.
700 _aTejido, Jomike.
700 _aTitle.
999 _c360203
_d360203